| 000 | 01206nam a22003250a 4500 | ||
|---|---|---|---|
| 001 | PT10910 | ||
| 003 | AR-LpoUNG | ||
| 005 | 20210131232426.0 | ||
| 008 | 191001s1988||||ag |||||||||||||||||spa d | ||
| 040 |
_aAR-LpoUNG _bspa _cAR-LpoUNG _eaacr |
||
| 041 | _aspa | ||
| 044 | _aag | ||
| 082 | 0 | _a982.04 748ref | |
| 100 | 1 | _aBotana, Natalio R. | |
| 245 | 1 | 3 | _aLa reforma constitucional frente al régimen político argentino |
| 260 |
_aBuenos Aires : _bInstituto Torcuato Di Tella, _c1988. |
||
| 300 |
_a73 p. : _btbls. |
||
| 520 | _aEste trabajo coloca el tema de la reforma constitucional en el cuadro del régimen demogrático argentino. Con ello se defiende la hipótesis de que el entendimiento de esa reforma no puede omitir el estudio de nuestro régimen político: las tradiciones históricas, las estructuras de autoridad formales e informales y las intenciones de los actores y sus consecuencias. | ||
| 650 | 4 | _aASPECTOS POLITICOS | |
| 650 | 4 | _aCONSTITUCIONES | |
| 650 | 4 | _aESTADO | |
| 650 | 4 | _aNACION | |
| 650 | 4 | _aPARTIDOS POLITICOS | |
| 650 | 4 | _aPOBLACION | |
| 650 | 4 | _aPOLITICA | |
| 651 | 4 | _aArgentina | |
| 700 | 1 | _aMustapic, Ana María | |
| 905 | _a10910 | ||
| 942 | _cLIB | ||
| 999 |
_c15553 _d15553 |
||